| 000 | 00424nam a2200157 a 4500 | ||
|---|---|---|---|
| 005 | 20140414093837.0 | ||
| 008 | 021220s19uu xx 00 eng d | ||
| 050 |
_aVCD 780 _bFla 2002 |
||
| 245 |
_aFlashdance (vol.2) _bdance classics |
||
| 260 |
_a(Manila) _bIvory Records _cc2002 |
||
| 500 | _aContents: 14 popular dance classics. | ||
| 650 |
_aDance _xClassics. |
||
| 650 | _aDisco. | ||
| 942 | _cAVM | ||
| 999 |
_c109083 _d109083 |
||